| 000 | 00717nam a2200205Ia 4500 | ||
|---|---|---|---|
| 008 | 191130s1999##################000#0#eng## | ||
| 020 | _a9783631346181 | ||
| 022 | _a99032380 | ||
| 040 |
_aACL _cACL |
||
| 082 | _a332.63220943 ROB | ||
| 100 | _aRobé, Sophie | ||
| 245 |
_aModelling nonlinearities in the German stock market _cSophie Robé |
||
| 260 |
_aBern _bPeter Lang _c1999 |
||
| 300 | _axii, 165 p. : ill. ; 21 cm | ||
| 500 | _aOriginally presented as the author's thesis (doctoral)--Universität Gesamthochschule Kassel, 1998. Includes bibliographical references | ||
| 650 | _aStocks - Germany - Mathematical models | ||
| 990 | _a5caf1c91ac10000c18aa4b1e75b9c980 | ||
| 991 | _a175020 | ||
| 999 |
_c12519 _d12519 |
||